Los Angeles Clippers Most Common Starting Lineups - Statistics

General Stats
  • This quiz has been taken 4 times
  • The average score is 14 of 30
Answer Stats
Year(s) Pos. Answer % Correct
2016-2017 (63 Games) PF Blake Griffin
100%
2014-2015 (62 Games) PF Blake Griffin
100%
2013 (45 Games) PF Blake Griffin
100%
2012 (41 Games) PF Blake Griffin
100%
2016-2017 (63 Games) PG Chris Paul
100%
2014-2015 (62 Games) PG Chris Paul
100%
2013 (45 Games) PG Chris Paul
100%
2012 (41 Games) PG Chris Paul
100%
2016-2017 (63 Games) C DeAndre Jordan
75%
2014-2015 (62 Games) C DeAndre Jordan
75%
2013 (45 Games) C DeAndre Jordan
75%
2012 (41 Games) C DeAndre Jordan
75%
2014-2015 (62 Games) SF Matt Barnes
75%
2006-2007 (55 Games) C Chris Kaman
50%
2006-2007 (55 Games) PF Elton Brand
50%
2016-2017 (63 Games) SG JJ Redick
50%
2014-2015 (62 Games) SG JJ Redick
50%
2006-2007 (55 Games) SG Cuttino Mobley
25%
2013 (45 Games) SF Caron Butler
0%
2012 (41 Games) SF Caron Butler
0%
1993 (59 Games) PF Danny Manning
0%
1993 (59 Games) SF Ken Norman
0%
2016-2017 (63 Games) SF Luc Mbah a Moute
0%
1993 (59 Games) PG Mark Jackson
0%
2006-2007 (55 Games) SF Quinton Ross
0%
2012 (41 Games) SG Randy Foye
0%
1993 (59 Games) SG Ron Harper
0%
2006-2007 (55 Games) PG Sam Cassell
0%
1993 (59 Games) C Stanley Roberts
0%
2013 (45 Games) SG Willie Green
0%
No matching quizzes found
Score Distribution
Percent of People with Each Score
Percentile by Number Answered
Your Score History
You have not taken this quiz